00583 2200217 4500001002100000005001500021035002000036007000300056008004100059020001800100082001100118084001700129100001600146245003900162250001500201260006000216300003400276650001600310504003000326990000900356INLIS00000000000610920201020120106 a0010-1020000019ta201020 g | ind  a9789798150147 a613.94 a613.94 BAZ k0 aBAZIAD, ali1 aKontrasepsi Hormonal /cAli Baziad aEd.1 Cet.1 aJakarta :bPT Bina Pustaka Sarwono Prawirohardjo,c2008 avi, 106 hlm :b.ilus ;c24 cm 4aKontrasepsi aBibliografi : HAl 103-106 a2620